Animal rights : a reference handbook /

Bibliographic Details
Main Author: Sherry, Clifford J.
Format: Book
Language:English
Published: Santa Barbara, Calif. : ABC-CLIO, 1994.
Series:Contemporary world issues.
Subjects:

MARC

Tag First Indicator Second Indicator Subfields
LEADER 00000cam a22000008a 4500
001 in00001186521
005 20151001092911.0
008 940309s1994 cau bf 001 0 eng
010 |a  94007168  
020 |a 0874367336 (acid-free paper) 
035 |a (OCoLC)30078756 
035 |9 AGG3383AM 
040 |a DLC  |c DLC  |d UtOrBLW 
043 |a n-us--- 
049 |a TXAM 
050 0 0 |a HV4764  |b .S5 1994 
082 0 0 |a 179/.3  |2 20 
100 1 |a Sherry, Clifford J. 
245 1 0 |a Animal rights :  |b a reference handbook /  |c Clifford J. Sherry. 
263 |a 9409 
264 1 |a Santa Barbara, Calif. :  |b ABC-CLIO,  |c 1994. 
300 |a 240 pages 
336 |a text  |b txt  |2 rdacontent 
337 |a unmediated  |b n  |2 rdamedia 
338 |a volume  |b nc  |2 rdacarrier 
490 1 |a Contemporary world issues 
504 |a Includes bibliographical references and index. 
650 0 |a Animal rights  |z United States  |x Handbooks, manuals, etc. 
650 0 |a Animal welfare  |x Law and legislation  |z United States  |x Handbooks, manuals, etc. 
830 0 |a Contemporary world issues. 
999 |a MARS 
999 f f |s 983e27b7-257b-32bc-aa64-654f4aa531c2  |i 0cb7ecda-636f-30ff-a388-c2b5a83607c6  |t 0 
952 f f |p ric  |a Texas A&M University  |b Rellis Campus  |c Joint Library Facility  |d Remote Storage  |t 0  |e HV4764 .S5 1994  |h Library of Congress classification  |i unmediated -- volume  |m A14818994901 
998 f f |a HV4764 .S5 1994  |t 0  |l Remote Storage